Giáo trình lý thuyết và lập trình ứng dụng web bằng ASP

Kaydedildi:
Detaylı Bibliyografya
Yazar: Lê, Đình Duy
Materyal Türü: Kitap
Dil:Undetermined
Baskı/Yayın Bilgisi: Hà Nội Thống kê 2004
Konular:
Etiketler: Etiketle
Etiket eklenmemiş, İlk siz ekleyin!
Thư viện lưu trữ: Trung tâm Học liệu Trường Đại học Cần Thơ
LEADER 00663nam a2200205Ia 4500
001 CTU_60733
008 210402s9999 xx 000 0 und d
020 |b 30800 
082 |a 005.754 
082 |b D523 
100 |a Lê, Đình Duy 
245 0 |a Giáo trình lý thuyết và lập trình ứng dụng web bằng ASP 
245 0 |c Lê Đình Duy 
260 |a Hà Nội 
260 |b Thống kê 
260 |c 2004 
650 |a Database management,Asp ( computer programs ),Information storage and retrieval system 
650 |x Computer programs 
904 |i Minh,Năm 
980 |a Trung tâm Học liệu Trường Đại học Cần Thơ